| 000 | 00464nam a2200169Ia 4500 | ||
|---|---|---|---|
| 003 | GCL | ||
| 008 | 140319s9999 xx 000 0 ara d | ||
| 040 |
_aGCL / _cGCL |
||
| 082 | 0 | 4 |
_a321.8 _bد س |
| 245 | 1 | 0 | _aالسياسة فى الدول النامية |
| 300 | _a174 | ||
| 490 |
_aالالف كتاب _v0 |
||
| 650 | 0 | 4 | _aالعلوم السياسية |
| 650 | 0 | 4 | _aالاحزاب السياسية |
| 650 | 0 | 4 | _aالنظم السياسية |
| 942 |
_2ddc _cBK |
||
| 999 |
_c43053 _d43053 |
||